| 000 | 01542cim a22003855a 4500 | ||
|---|---|---|---|
| 001 | 12071944 | ||
| 005 | 20230320123101.0 | ||
| 007 | sdufungnn---e- | ||
| 008 | 950105s1994 maunnn eng | ||
| 010 | _a 99589789 | ||
| 020 |
_a0201483068 (set) : _c$22.00 |
||
| 020 | _a0201985292 (CD 1) | ||
| 020 | _a0201985373 (CD 2) | ||
| 020 | _a0201985381 (CD 3) | ||
| 020 | _z020198539x (CD 4) | ||
| 020 | _a0201985403 (CD 5) | ||
| 020 | _z020198542x (CD 6) | ||
| 035 | _a(OCoLC)ocm31770096 | ||
| 040 |
_aDLC _cMiWaOW _dNBuBE _dOCo _dDLC |
||
| 042 | _alcderive | ||
| 050 | 0 | 0 | _aunknown |
| 082 |
_a530 _bFEY |
||
| 100 | 1 |
_aFeynman, Richard P. _q(Richard Phillips), _d1918-1988. _9110597 |
|
| 245 | 1 | 0 |
_aSix easy pieces _h[sound recording] : _b[essentials of physics, explained by its most brilliant teacher] / _cRichard P. Feynman. |
| 246 | 1 | 0 | _a6 easy pieces. |
| 260 |
_aReading, Mass. : _bHelix Books, _c[1994] |
||
| 300 |
_a6 sound discs : _bdigital ; _c4 3/4 in. |
||
| 500 | _aCompact disc. | ||
| 500 | _aRecordings of Richard Feynman in the classroom. | ||
| 500 | _aSubtitle from container. | ||
| 505 | 0 | _aLecture 1: Atoms in motion, Sept. 26, 1961 -- Lecture 2: Basic physics, Sept. 29, 1961 -- Lecture 3: The relation of physics to other sciences, Oct. 3, 1961 -- Lecture 4: Conservation of energy, Oct. 6, 1961 -- Lecture 5: The theory of gravitation, Oct. 17, 1961 -- Lecture 6: Quantum behavior, Apr. 3, 1962. | |
| 650 | 0 | _aPhysics. | |
| 906 |
_a0 _bcbc _ccopycat _d3 _encip _f19 _gy-soundrec |
||
| 942 |
_2ddc _cBK |
||
| 999 |
_c593854 _d593854 |
||